Savings and investment practices of financial management graduates of University of Rizal System Binangonan academic year 2018-2019 (Record no. 58241)

MARC details
000 -LEADER
fixed length control field 00939nam a22002177a 4500
003 - CONTROL NUMBER IDENTIFIER
control field URS
005 - DATE AND TIME OF LATEST TRANSACTION
control field 20220613144139.0
008 - FIXED-LENGTH DATA ELEMENTS--GENERAL INFORMATION
fixed length control field 220613b ||||| |||| 00| 0 eng d
100 ## - MAIN ENTRY--PERSONAL NAME
9 (RLIN) 1753
Personal name Dometita, Lennylyn N.
Relator term author
245 ## - TITLE STATEMENT
Title <a href="Savings and investment practices of financial management graduates of University of Rizal System Binangonan academic year 2018-2019">Savings and investment practices of financial management graduates of University of Rizal System Binangonan academic year 2018-2019</a>
Statement of responsibility, etc Lennylyn N. Dometita, Jonnila N. Quintan, Rosalinda N. Samiling
300 ## - PHYSICAL DESCRIPTION
Extent xii, 55 leaves
Dimensions 28 cm.
336 ## - CONTENT TYPE
Source rdacontent
Content type term text
337 ## - MEDIA TYPE
Source rdamedia
Media type term unmediated
338 ## - CARRIER TYPE
Source rdacarrier
Carrier type term volume
502 ## - DISSERTATION NOTE
Dissertation note Thesis
Degree type Bachelor of Science in Business Administration Major in Financial Management
Name of granting institution University of Rizal System, Binangonan
Year degree granted 2021
504 ## - BIBLIOGRAPHY, ETC. NOTE
Bibliography, etc Includes bibliographical references.
700 ## - ADDED ENTRY--PERSONAL NAME
9 (RLIN) 1754
Personal name Quintan, Jonnila N.
Relator term author
700 ## - ADDED ENTRY--PERSONAL NAME
9 (RLIN) 1755
Personal name Samiling, Rosalinda N.
Relator term author
700 ## - ADDED ENTRY--PERSONAL NAME
9 (RLIN) 1713
Personal name Evelyn V. Diaz, MM
Relator term adviser
942 ## - ADDED ENTRY ELEMENTS (KOHA)
Source of classification or shelving scheme Library of Congress Classification
Koha item type Theses and dissertations
Holdings
Withdrawn status Source of classification or shelving scheme Damaged status Not for loan Home library Current library Date acquired Total Checkouts Barcode Date last seen Price effective from Koha item type
  Library of Congress Classification     Binangonan College Library Binangonan College Library 06/13/2022   URSBIN-UGT2261 06/13/2022 06/13/2022 Theses and dissertations

University of Rizal System
Email us at univlibservices@urs.edu.ph

Visit our Website www.urs.edu.ph/library